[Event "25th Zadar Open 2018"]
[Site "Zadar"]
[Date "2018.12.19"]
[Round "6.9"]
[White "Plenca, Jadranko"]
[Black "Bratkovic, Jakob"]
[Result "1-0"]
[WhiteElo "2475"]
[BlackElo "2239"]
[Annotator "TA"]
[PlyCount "119"]
[EventDate "2018.12.15"]
[EventType "swiss"]
[EventCountry "CRO"]
[SourceTitle "playchess.com"]
[Source "ChessBase"]
[SourceQuality "1"]

{[%evp 13,119,13,48,2,-4,-7,4,-12,34,26,42,34,58,59,84,54,110,119,208,48,112,0,0,0,0,0,0,0,0,0,0,0,8,-44,0,0,0,0,9,0,35,0,18,13,31,24,150,150,150,150,150,150,150,140,129,116,116,116,150,150,150,150,192,150,150,150,150,150,379,366,388,381,347,191,635,619,1096,1060,880,872,1305,826,556,0,1351,1350,1408,1370,29974,29975,29975,29976,29978,29979,29979,29980,29981,29982,29986,29984,29988,29986,29989,29985,29985,29986,29986,481]} 1. e4 c5 2. Nf3 Nc6 3. Bb5 g6 4. Bxc6 dxc6 5. d3 Bg7 6. h3 Nf6 7. Bd2 {B31: Sicilian: 2...Nc6 3 Bb5 g6} (7. Nc3 Nd7 8. Be3 e5 9. O-O b6 10. Nh2 Nf8 11. f4 exf4 12. Rxf4 Be6 13. Rf2 h6 14. Qd2 g5 15. Raf1 {½-½ (115) Caruana,F (2832)-Carlsen,M (2835) London 2018}) 7... Nd7 {LiveBook: 3 Games} 8. Bc3 e5 9. O-O $146 {The position is equal.} ({Predecessor:} 9. Nbd2 Qc7 10. Nc4 b5 11. Ba5 Qb8 12. Ncd2 O-O 13. O-O Re8 14. Nb3 Qd6 {1-0 (66) Gonzalez Vidal,Y (2564)-Hernandez Sanchez,J (2377) Havana 2018}) 9... Qe7 10. Nh2 g5 11. Ng4 Nf8 12. Ne3 Qf6 13. Nd2 Ng6 14. b4 h5 (14... cxb4 $14 15. Bxb4 b6) 15. bxc5 $16 g4 (15... Bf8 $16) 16. h4 $2 ({Not} 16. hxg4 $2 hxg4 17. g3 {[#]} Nf4 $1 $19 {[%mdl 512]}) (16. Ndc4 $18) 16... Nxh4 (16... Bf8 $14) 17. f4 ({Better is} 17. Nec4 $16) 17... gxf3 $1 $11 18. Nxf3 Bg4 $1 19. Nxh4 Bxd1 20. Rxf6 Bxf6 21. Rxd1 {Hoping for Nhf5.} Bxh4 22. Bxe5 O-O 23. Rb1 (23. Nf5 $11 Bg5 24. Kf2) 23... Rfe8 24. Bd6 {And now Nf5 would win.} b6 25. cxb6 axb6 26. Rxb6 Rec8 27. Nf5 Bg5 28. Be7 f6 29. Bd6 {Threatens to win with Ne7+.} Rxa2 (29... Kh8 $11) 30. Ne7+ $16 {[%mdl 64] [#] Double Attack} Kf7 {Strongly threatening ...Be3+.} 31. Nxc8 Be3+ 32. Kf1 Bxb6 33. Nxb6 Rxc2 34. Nc4 Ke6 {White must now prevent ...Rxc4!} 35. Bf4 Ra2 36. Nd6 Ra1+ 37. Kf2 Rh1 38. Nf5 h4 39. Nd4+ Kd7 40. Nf3 c5 $2 (40... h3 $16 {might work better.} 41. gxh3 Rxh3) 41. Ng1 $18 Kc6 42. Be3 Kb5 43. Kf3 (43. Bd2 $142) 43... c4 $2 (43... Kc6 44. Bf2 Kd6) 44. dxc4+ Kxc4 45. Bf2 Kb5 46. Nh3 Rf1 47. Ke2 Ra1 48. Kf3 $2 (48. Ke3 $18 Ra2 49. Kf3) 48... Ra4 $2 {[%mdl 8192]} (48... Rf1 $11 49. Ke3 Kc6 50. Bxh4 Kd6) 49. Nf4 Ra3+ 50. Kg4 Ra2 51. Bxh4 {White mates.} Kc6 52. Bxf6 Kd7 53. Kf5 Ke8 54. g4 {[%cal Bg2g4,Bg4g5,Bg5g6][%mdl 32]} Kf7 55. e5 Ra8 56. g5 Kg8 57. g6 Ra1 58. Nd5 Rf1+ 59. Ke6 Rg1 60. Ne7+ {Accuracy: White = 54%, Black = 27%.} 1-0

[Event "25th Zadar Open 2018"]
[Site "Zadar"]
[Date "2018.12.19"]
[Round "6.10"]
[White "Sutkovic, Damir"]
[Black "Jakic, Ivan"]
[Result "1-0"]
[WhiteElo "2345"]
[BlackElo "2393"]
[Annotator "NA"]
[PlyCount "107"]
[EventDate "2018.12.15"]
[EventType "swiss"]
[EventCountry "CRO"]
[SourceTitle "playchess.com"]
[Source "ChessBase"]
[SourceQuality "1"]
[TimeControl "40/5400+30:1800+30"]

{[%evp 16,103,-4,-8,32767,-29,-24,-18,-14,-31,-6,-16,0,4,28,32767,32767,-27,-18,-30,-20,-25,0,-14,50,0,16,-62,18,31,27,28,20,0,-28,-14,-20,-37,0,-35,-23,-51,-55,-46,32767,32767,32767,0,32767,32767,32767,0,32767,32767,32767,32767,32767,0,32767,32767,32767,32767,32767,32767,32767,32767,32767,0,-6,0,32767,0,15,32767,32767,32767,32767,32767,0,0,32767,32767,32767,0,32767,32767,1385,1642,1703,1975]} 1. b3 {[%emt 0:03:30]} e5 {[%emt 0:00:30]} 2. Bb2 {[%emt 0:00:30]} Nc6 {[%emt 0:00:00]} 3. e3 {[%emt 0:00:00]} Nf6 {[%emt 0:00:00]} 4. Bb5 {[%emt 0:00:00]} Bd6 {[%emt 0:00:30]} 5. Ne2 {[%emt 0:00:30]} O-O {[%emt 0:01:30] A01: Nimzowitsch-Larsen Opening} 6. Ng3 {[%emt 0:01:30]} Re8 {[%emt 0:00:30]} 7. Bxc6 $146 {[%emt 0:01:30]} ({Predecessor:} 7. Nc3 Bf8 8. Bxc6 bxc6 9. d4 exd4 10. Qxd4 c5 11. Qf4 Rb8 12. O-O-O d5 13. Nce2 Rb6 14. Nf5 d4 15. exd4 Nd5 16. Qf3 Bxf5 17. Qxf5 Rf6 18. Qg4 Rxf2 {0-1 (18) Zavgorodniy,S (2430)-Korobov,A (2664) Batumi 2018}) 7... dxc6 {[%emt 0:01:30]} 8. e4 {[%emt 0:01:30]} Bc5 {[%emt 0:06:30]} 9. h3 {[%emt 0:03:30]} a5 {[%emt 0:13:30]} 10. d3 {[%emt 0:04:30]} a4 {[%emt 0:02:30]} 11. O-O {[%emt 0:01:30]} Be6 {[%emt 0:04:30]} 12. Nd2 {[%emt 0:04:30]} Nd7 {[%emt 0:11:30]} 13. Nf3 {[%emt 0:03:30]} a3 {[%emt 0:02:30]} 14. Bc3 {[%emt 0:02:30]} f6 {[%emt 0:06:30]} 15. Qe2 {[%emt 0:06:30]} Bd6 {[%emt 0:02:30]} 16. Nh4 {[%emt 0:03:30]} g6 {[%emt 0:02:30]} 17. Nf3 {[%emt 0:10:30]} c5 {[%emt 0:00:30]} 18. Bd2 {[%emt 0:06:30]} Bf7 {[%emt 0:02:30]} 19. Nh2 {[%emt 0:04:30]} Nf8 {[%emt 0:01:30]} 20. Rae1 {[%emt 0:05:30]} Ne6 {[%emt 0:00:30]} 21. Qd1 {[%emt 0:00:00]} (21. Ng4 $11) 21... Nf4 {[%emt 0:06:30]} 22. Ne2 {[%emt 0:01:00]} Be6 {[%emt 0:10:30]} 23. Nxf4 {[%emt 0:12:30]} exf4 {[%emt 0:00:30]} 24. Qc1 {[%emt 0:00:30]} g5 {[%emt 0:00:30]} 25. Bc3 {[%emt 0:01:30]} Be5 {[%emt 0:02:30]} 26. Qa1 {[%emt 0:01:30]} Bd7 {[%emt 0:06:38]} 27. Nf3 {[%emt 0:01:28]} Qe7 {[%emt 0:00:22]} 28. d4 {[%emt 0:01:49]} cxd4 {[%emt 0:00:50]} 29. Bxd4 {[%emt 0:02:06]} c5 {[%emt 0:03:49]} 30. Bxe5 {[%emt 0:00:28]} fxe5 {[%emt 0:00:05]} 31. Rd1 {[%emt 0:03:02]} Bc6 {[%emt 0:01:21]} 32. Rfe1 {[%emt 0:01:32]} h5 {[%emt 0:01:40]} 33. g3 {[%emt 0:06:58]} fxg3 {[%emt 0:01:18]} 34. fxg3 {[%emt 0:00:07]} Qf6 {[%emt 0:00:33]} 35. Rd3 {[%emt 0:02:09]} Re7 {[%emt 0:04:07]} 36. Nd2 {[%emt 0:03:05]} Qe6 {[%emt 0:00:47]} 37. Kg2 {[%emt 0:01:16]} Rf8 {[%emt 0:00:47]} 38. Rf1 {[%emt 0:00:09]} Ref7 {[%emt 0:00:51]} 39. Rxf7 {[%emt 0:00:17]} Qxf7 {[%emt 0:00:09]} 40. Qe1 {[%emt 0:00:00]} g4 {[%emt 0:00:00]} 41. h4 {[%emt 0:13:04]} Qf6 {[%emt 0:15:34]} 42. Kg1 {[%emt 0:03:58]} Rd8 {[%emt 0:01:26]} 43. Qe3 {[%emt 0:04:21]} Bb5 {[%emt 0:03:56]} 44. c4 {[%emt 0:05:58]} Bc6 {[%emt 0:00:33]} 45. Rxd8+ {[%emt 0:00:17]} Qxd8 {[%emt 0:00:04]} 46. Kf2 {[%emt 0:00:05]} Qd4 {[%emt 0:03:12]} 47. Ke2 {[%emt 0:02:57]} Qb2 {[%emt 0:04:51]} 48. Qg5+ {[%emt 0:00:24]} Kf8 {[%emt 0:00:17]} 49. Qxh5 {[%emt 0:02:24]} Bd7 {[%emt 0:08:17]} 50. Qg5 {[%emt 0:02:00]} Qxa2 {[%emt 0:00:21]} 51. h5 {[%emt 0:00:30]} Qa1 $18 {[%emt 0:00:38]} 52. h6 {[%emt 0:00:11]} Qh1 {[%emt 0:00:23]} 53. Qg7+ {[%emt 0:00:06]} Ke8 {[%emt 0:00:08]} 54. h7 {[%emt 0:00:06]} 1-0

[Event "25th Zadar Open 2018"]
[Site "Zadar"]
[Date "2018.12.19"]
[Round "6.11"]
[White "Nielsen, Rogvi Egilstoft"]
[Black "Bukal, Vladimir Jr."]
[Result "0-1"]
[WhiteElo "2339"]
[BlackElo "2390"]
[Annotator "NA"]
[PlyCount "78"]
[EventDate "2018.12.15"]
[EventType "swiss"]
[EventCountry "CRO"]
[SourceTitle "playchess.com"]
[Source "ChessBase"]
[SourceQuality "1"]
[TimeControl "40/5400+30:1800+30"]

{[%evp 14,65,7,0,18,15,13,14,25,7,25,4,8,10,15,13,23,32767,15,-18,-5,-24,0,-27,32767,32767,32767,32767,-29,-65,0,0,23,0,109,74,32767,32767,46,38,32767,0,32767,77,32767,-79,0,0,32767,-10,-26,-13,-25,-28]} 1. e4 {[%emt 0:00:30]} e6 {[%emt 0:00:30]} 2. d4 {[%emt 0:00:30]} d5 {[%emt 0:00:00]} 3. Nd2 {[%emt 0:00:30]} h6 {[%emt 0:00:00] C03: French Tarrasch: Unusual Black 3rd moves} (3... c5 4. exd5 Qxd5 5. Ngf3 cxd4 6. Bc4 Qd6 7. O-O Nf6 8. Nb3 Nc6 9. Nbxd4 Nxd4 10. Nxd4 a6 11. Re1 Qc7 12. Bf1 Be7 13. Qf3 O-O 14. Bf4 Bd6 15. Bxd6 Qxd6 16. Rad1 Qc7 17. c4 Rb8 18. Qg3 Qxg3 19. hxg3 Bd7 {½-½ (61) Karjakin,S (2773)-Duda,J (2737) chess.com INT 2018}) 4. c3 {[%emt 0:01:30]} c5 {[%emt 0:00:00]} 5. exd5 {[%emt 0:00:30]} exd5 {[%emt 0:00:00]} 6. Ngf3 {[%emt 0:00:30]} Nf6 {[%emt 0:00:30]} 7. Bd3 {[%emt 0:01:30]} c4 {[%emt 0:15:30]} 8. Be2 {[%emt 0:04:30]} Nc6 {[%emt 0:01:30]} 9. b3 {[%emt 0:00:30]} cxb3 {[%emt 0:09:30]} 10. axb3 {[%emt 0:00:30]} Bf5 {[%emt 0:00:30]} 11. Ne5 $146 {[%emt 0:03:30]} ({Predecessor:} 11. O-O) 11... Qc7 {[%emt 0:06:30]} 12. O-O {[%emt 0:19:30]} Bd6 {[%emt 0:02:30]} 13. f4 {[%emt 0:00:30]} O-O {[%emt 0:00:30]} 14. Bb2 {[%emt 0:03:30]} Ne4 {[%emt 0:04:30]} 15. Bf3 {[%emt 0:07:30]} f6 {[%emt 0:05:30]} 16. Nxc6 {[%emt 0:07:30]} bxc6 {[%emt 0:00:30]} 17. Bxe4 {[%emt 0:10:30]} dxe4 {[%emt 0:00:30]} 18. g3 {[%emt 0:00:30]} Bh3 {[%emt 0:18:30]} 19. Re1 {[%emt 0:00:30]} f5 {[%emt 0:00:00]} 20. Qe2 {[%emt 0:00:30]} Rf6 {[%emt 0:01:00]} 21. Kh1 {[%emt 0:04:30]} Kh7 {[%emt 0:05:30]} ({Black should try} 21... h5 $15) 22. Ba3 {[%emt 0:04:30]} Bxa3 {[%emt 0:07:30]} 23. Rxa3 {[%emt 0:00:30]} g5 {[%emt 0:00:30]} (23... c5 $11) 24. fxg5 {[%emt 0:03:30]} hxg5 {[%emt 0:01:02]} 25. Qe3 {[%emt 0:03:30]} Qg7 {[%emt 0:11:37]} 26. Nc4 {[%emt 0:01:30]} c5 {[%emt 0:04:57]} 27. d5 {[%emt 0:03:58]} Re8 {[%emt 0:01:04]} 28. Qxc5 {[%emt 0:02:00]} a6 {[%emt 0:01:26]} 29. Nd6 {[%emt 0:08:26] [#]} (29. Nd2 $1 $11) 29... Qf8 {[%emt 0:00:25]} ({Better is} 29... Re7 $1 $17 {[%cal Re7c7]} 30. Nc4 (30. Rxa6 f4 $15) 30... f4) 30. Rxa6 {[%emt 0:02:54]} ({Avoid the trap} 30. Nxe8 $2 Qxc5 31. Nxf6+ Kg7 $19) 30... Kg6 {[%emt 0:01:44]} 31. Rc6 {[%emt 0:03:33]} (31. Nxe8 Qxc5 32. Nxf6 (32. Rxf6+ $2 {loses.} Kh7 $19) 32... Kg7) 31... Rd8 {[%emt 0:00:15]} 32. Nc4 {[%emt 0:00:41]} Qxc5 {[%emt 0:00:54]} 33. Rxc5 $11 {[%emt 0:00:02]} f4 {[%emt 0:00:51]} 34. gxf4 {[%emt 0:01:04]} gxf4 {[%emt 0:00:01]} 35. Ne5+ {[%emt 0:01:06]} Kh6 {[%emt 0:00:54]} 36. Rxe4 {[%emt 0:00:41]} Rg8 {[%emt 0:00:02]} 37. Re1 {[%emt 0:00:31]} f3 {[%emt 0:00:35]} 38. Rc6 {[%emt 0:00:32]} Bg2+ {[%emt 0:00:15]} 39. Kg1 {[%emt 0:00:08]} f2# {[%emt 0:00:01]} 0-1

[Event "25th Zadar Open 2018"]
[Site "Zadar"]
[Date "2018.12.19"]
[Round "6.12"]
[White "Ustianovich, Nazar"]
[Black "Nester, Ihor"]
[Result "1/2-1/2"]
[WhiteElo "2383"]
[BlackElo "2337"]
[Annotator "TA"]
[PlyCount "29"]
[EventDate "2018.12.15"]
[EventType "swiss"]
[EventCountry "CRO"]
[SourceTitle "playchess.com"]
[Source "ChessBase"]
[SourceQuality "1"]

{[%evp 28,29,10,2]} 1. d4 d5 2. c4 e6 3. Nf3 Nf6 4. g3 Bb4+ 5. Bd2 Be7 6. Bg2 O-O 7. Qc2 c6 8. O-O Nbd7 9. Bf4 $146 ({Predecessor:} 9. Rd1 b6 10. Bf4 Bb7 11. Ne5 Rc8 12. Nc3 Nh5 13. Bc1 Nhf6 14. e4 Bb4 15. Bg5 Qc7 16. Nxd7 Nxd7 17. a3 Bxc3 18. Qxc3 dxc4 19. Bf4 Qd8 20. Bd6 {0-1 (76) Dominguez Perez,L (2739)-Caruana,F (2822) Saint Louis 2018}) 9... Nh5 10. Bd2 Nhf6 11. Bf4 Nh5 12. Bd2 Nhf6 13. Bf4 Nh5 14. Bd2 Nhf6 15. Bc1 {LiveBook: 10 Games. E11: Bogo-Indian} 1/2-1/2

[Event "25th Zadar Open 2018"]
[Site "Zadar"]
[Date "2018.12.19"]
[Round "6.13"]
[White "Ivekovic, Bozidar"]
[Black "Bratovic, Blaz"]
[Result "1-0"]
[WhiteElo "2406"]
[BlackElo "2307"]
[Annotator "TA"]
[PlyCount "63"]
[EventDate "2018.12.15"]
[EventType "swiss"]
[EventCountry "CRO"]
[SourceTitle "playchess.com"]
[Source "ChessBase"]
[SourceQuality "1"]

{[%evp 21,63,18,30,18,45,38,20,29,32,15,82,75,56,45,44,46,45,43,106,91,170,169,216,222,587,578,553,570,626,620,711,704,766,754,773,774,769,757,721,701,795,741,731,784]} 1. d4 Nf6 2. c4 g6 3. g3 Bg7 4. Bg2 O-O 5. Nc3 d6 6. Nf3 Nc6 7. O-O e5 8. dxe5 dxe5 9. Bg5 Be6 10. Qc1 {E62: King's Indian: Fianchetto: 6...c6 and Panno Variation (6...Nc6) without ...a6} Qc8 (10... Qb8 11. Rd1 Nd7 12. Bh6 f6 13. Bxg7 Kxg7 14. b3 Rf7 15. Qb2 Qf8 16. Rd2 Rd8 17. Rad1 Nb6 18. Rxd8 Nxd8 {½-½ (35) Vidit,S (2721)-Naiditsch,A (2700) Hungary 2017}) 11. Rd1 Rd8 {LiveBook: 6 Games} 12. Nd2 {White has an edge.} h6 13. Bxf6 Bxf6 14. Nde4 Bg7 15. Nd5 Bxd5 (15... Bf5 $11) 16. cxd5 $16 Nd4 17. Nc3 {[#]} Qg4 $146 ({Predecessor:} 17... Qb8) 18. Rd2 a6 19. Qd1 f5 (19... Nb5 $14) 20. Rc1 Rd7 {[#]} (20... Rac8 $16 {was called for.}) 21. Na4 $1 $18 Bf8 {[#]} 22. f4 $1 {[%cal Rf4e5][%mdl 512]} Bg7 $2 {[#]} (22... Bb4 {is more resistant.} 23. Rxd4 exd4) (22... exf4 23. Rxd4) 23. Rxd4 $1 {[%mdl 512] White is clearly winning.} exd4 24. Qf1 d3 25. Bf3 Bd4+ 26. Kh1 d2 27. Rd1 Be3 28. Bxg4 fxg4 29. Qg2 Re8 30. b3 Rde7 31. Nb2 b5 32. Nd3 {Accuracy: White = 91%, Black = 20%.} 1-0

[Event "25th Zadar Open 2018"]
[Site "Zadar"]
[Date "2018.12.19"]
[Round "6.14"]
[White "Tica, Sven"]
[Black "Krstulovic, Alex"]
[Result "1/2-1/2"]
[WhiteElo "2439"]
[BlackElo "2313"]
[Annotator "TA"]
[PlyCount "72"]
[EventDate "2018.12.15"]
[EventType "swiss"]
[EventCountry "CRO"]
[SourceTitle "playchess.com"]
[Source "ChessBase"]
[SourceQuality "1"]

{[%evp 10,72,1,2,8,16,19,20,29,26,13,2,10,0,38,13,40,-10,0,-8,0,-11,62,0,0,-4,33,44,41,6,44,31,58,52,56,56,52,62,54,63,58,58,86,47,44,43,43,55,59,59,41,46,80,80,80,56,80,80,80,0,80,0,86,0,91]} 1. Nf3 d5 2. c4 d4 3. b4 f6 4. d3 e5 5. a3 a5 6. b5 {LiveBook: 13 Games. A09: Réti Opening: 1 Nf3 d5 2 c4} c5 (6... Ne7 7. e3 dxe3 8. fxe3 Nf5 9. g4 Nd6 10. Rg1 Be6 11. Qc2 Nd7 12. d4 {½-½ (33) Ding,L (2777)-Giri,A (2772) Wenzhou 2017}) 7. g3 b6 8. Bg2 Ra7 $146 ({Predecessor:} 8... Bb7 9. O-O Bd6 10. e3 Ne7 11. exd4 cxd4 12. Re1 {1-0 (60) Llanos Lopez,W (2084)-Lopez Callata,J (1889) Lima 2013}) 9. O-O Ne7 10. a4 Be6 11. Nbd2 g6 12. Qc2 Bg7 13. Bb2 O-O 14. Rad1 Rd7 15. Rfe1 h6 (15... Nf5 $11) 16. Nb3 (16. e3 $14) 16... g5 $11 17. e3 {Threatens to win with exd4.} dxe3 18. fxe3 {[%cal Bf2e3,Be3e4][%mdl 32] d4 is the strong threat.} Bf5 {[%cal Rf5d3]} 19. e4 Bg4 20. Rd2 Ng6 21. Nc1 h5 22. Rf2 Be6 23. Nd2 {[%cal Bf3d2,Bd2f1,Bf1e3][%mdl 32]} Bh6 24. Nf1 g4 25. Ne3 Bg5 26. Bc3 Rh7 27. Bd2 Nd7 28. Ne2 Bxe3 29. Bxe3 Qe7 30. Nc3 Kg7 31. Qd2 Qd6 32. Ref1 Rhh8 33. Qe2 Rf7 34. Qd2 Rff8 $1 35. Qe2 Rf7 $1 36. Qd2 Rff8 $1 {Accuracy: White = 49%, Black = 60%.} 1/2-1/2

[Event "25th Zadar Open 2018"]
[Site "Zadar"]
[Date "2018.12.19"]
[Round "6.15"]
[White "Nielsen, Hogni Egilstoft"]
[Black "Sokac, Marko"]
[Result "1-0"]
[WhiteElo "2400"]
[BlackElo "2301"]
[Annotator "ChessBase"]
[PlyCount "177"]
[EventDate "2018.12.15"]
[EventType "swiss"]
[EventCountry "CRO"]
[SourceTitle "playchess.com"]
[Source "ChessBase"]
[SourceQuality "1"]
[TimeControl "40/5400+30:1800+30"]

1. e4 {[%emt 0:00:30]} c5 {[%emt 0:00:30]} 2. Nf3 {[%emt 0:00:00]} d6 {[%emt 0:00:00]} 3. Bb5+ {[%emt 0:00:00]} Nd7 {[%emt 0:00:00]} 4. O-O {[%emt 0:01:30]} Ngf6 {[%emt 0:00:30]} 5. Re1 {[%emt 0:00:30]} a6 {[%emt 0:00:00]} 6. Bf1 {[%emt 0:00:30]} b6 {[%emt 0:00:00]} 7. c3 {[%emt 0:08:30]} Bb7 {[%emt 0:01:30]} 8. d3 {[%emt 0:00:30]} g6 {[%emt 0:00:30]} 9. Nbd2 {[%emt 0:03:30]} Bg7 {[%emt 0:00:30]} 10. d4 {[%emt 0:00:30]} cxd4 {[%emt 0:00:30]} 11. cxd4 {[%emt 0:00:30]} O-O {[%emt 0:01:30]} 12. Bd3 {[%emt 0:08:30]} e5 {[%emt 0:05:30]} 13. dxe5 {[%emt 0:09:30]} Nxe5 {[%emt 0:03:30]} 14. Nxe5 {[%emt 0:02:30]} dxe5 {[%emt 0:00:30]} 15. Qe2 {[%emt 0:00:30]} Nd7 {[%emt 0:02:30]} 16. Nb3 {[%emt 0:03:30]} Re8 {[%emt 0:03:30]} 17. Be3 {[%emt 0:06:30]} Nf8 {[%emt 0:01:30]} 18. Red1 {[%emt 0:01:30]} Qf6 {[%emt 0:00:30]} 19. Qf3 {[%emt 0:07:30]} Qe6 {[%emt 0:07:30]} 20. Rac1 {[%emt 0:03:30]} Rac8 {[%emt 0:00:00]} 21. Qe2 {[%emt 0:01:30]} b5 {[%emt 0:11:00]} 22. Nc5 {[%emt 0:03:30]} Qe7 {[%emt 0:00:00]} 23. a4 {[%emt 0:03:30]} bxa4 {[%emt 0:01:00]} 24. Nxb7 {[%emt 0:01:30]} Rxc1 {[%emt 0:00:00]} 25. Bxc1 {[%emt 0:01:30]} Qxb7 {[%emt 0:00:00]} 26. Bxa6 {[%emt 0:00:30]} Qa8 {[%emt 0:04:30]} 27. Bc4 {[%emt 0:02:30]} Ne6 {[%emt 0:01:30]} 28. Bd5 {[%emt 0:01:30]} Qa5 {[%emt 0:04:30]} 29. Qc4 {[%emt 0:02:30]} h6 {[%emt 0:01:30]} 30. Bd2 {[%emt 0:01:30]} Qa7 {[%emt 0:06:30]} 31. Ra1 {[%emt 0:03:30]} Qd4 {[%emt 0:03:30]} 32. Qxa4 {[%emt 0:05:47]} Nc7 {[%emt 0:05:30]} 33. Qd7 {[%emt 0:06:54]} Rf8 {[%emt 0:00:30]} 34. Bc3 {[%emt 0:01:21]} Qb6 {[%emt 0:01:30]} 35. Bc4 {[%emt 0:01:48]} Kh8 {[%emt 0:00:30]} 36. Rd1 {[%emt 0:02:14]} Ne6 {[%emt 0:01:30]} 37. Qd6 {[%emt 0:03:38]} Qa7 {[%emt 0:03:30]} 38. Qa6 {[%emt 0:01:45]} Qxa6 {[%emt 0:02:30]} 39. Bxa6 {[%emt 0:00:05]} Nc5 {[%emt 0:00:00]} 40. Bd3 {[%emt 0:00:00]} Rd8 {[%emt 0:00:00]} 41. Bc2 {[%emt 0:02:28]} Rxd1+ {[%emt 0:00:30]} 42. Bxd1 {[%emt 0:00:00]} Nxe4 {[%emt 0:00:00]} 43. Ba5 {[%emt 0:10:00]} Bf8 {[%emt 0:02:00]} 44. b4 {[%emt 0:03:44]} Nc3 {[%emt 0:00:00]} 45. Bb3 {[%emt 0:00:37]} Kg7 {[%emt 0:01:00]} 46. Bc4 {[%emt 0:01:07]} Ne4 {[%emt 0:03:30]} 47. Bd3 {[%emt 0:04:41]} Nd6 {[%emt 0:04:30]} 48. b5 {[%emt 0:04:21]} e4 {[%emt 0:00:30]} 49. Be2 {[%emt 0:00:22]} f5 {[%emt 0:02:30]} 50. b6 {[%emt 0:03:27]} Nb7 {[%emt 0:03:30]} 51. Bc3+ {[%emt 0:00:06]} Kf7 {[%emt 0:00:30]} 52. Bc4+ {[%emt 0:00:47]} Ke8 {[%emt 0:00:30]} 53. Bd5 {[%emt 0:00:24]} Nd8 {[%emt 0:02:30]} 54. Be5 {[%emt 0:00:12]} Kd7 {[%emt 0:00:30]} 55. b7 {[%emt 0:00:16]} Nxb7 {[%emt 0:00:30]} 56. Bxb7 {[%emt 0:00:05]} Ke6 {[%emt 0:00:00]} 57. Bd4 {[%emt 0:01:53]} Kd6 {[%emt 0:01:00]} 58. Kf1 {[%emt 0:00:30]} Ke6 {[%emt 0:00:30]} 59. Ke2 {[%emt 0:00:20]} Bd6 {[%emt 0:00:30]} 60. h3 {[%emt 0:00:56]} Bf8 {[%emt 0:00:30]} 61. Bc3 {[%emt 0:00:56]} h5 {[%emt 0:01:30]} 62. Ba6 {[%emt 0:01:06]} Bc5 {[%emt 0:01:30]} 63. Bc4+ {[%emt 0:02:22]} Ke7 {[%emt 0:00:30]} 64. Be5 {[%emt 0:00:53]} Bb6 {[%emt 0:01:30]} 65. Bd5 {[%emt 0:00:26]} Bc5 {[%emt 0:00:30]} 66. Bc3 {[%emt 0:01:49]} Bb6 {[%emt 0:00:30]} 67. Bd2 {[%emt 0:01:08]} Kf6 {[%emt 0:00:30]} 68. Be3 {[%emt 0:00:37]} Bc7 {[%emt 0:00:00]} 69. Bd4+ {[%emt 0:00:14]} Ke7 {[%emt 0:01:00]} 70. Ke3 {[%emt 0:01:14]} Bd6 {[%emt 0:00:00]} 71. Kd2 {[%emt 0:00:44]} Bb4+ {[%emt 0:00:00]} 72. Ke2 {[%emt 0:00:16]} Bd6 {[%emt 0:00:30]} 73. Kf1 {[%emt 0:00:37]} Bc7 {[%emt 0:00:30]} 74. g3 {[%emt 0:00:42]} Bd6 {[%emt 0:00:00]} 75. Kg2 {[%emt 0:00:20]} Bc7 {[%emt 0:00:00]} 76. g4 {[%emt 0:00:34]} hxg4 {[%emt 0:00:00]} 77. hxg4 {[%emt 0:00:07]} fxg4 {[%emt 0:05:00]} 78. Bxe4 {[%emt 0:00:07]} Kf7 {[%emt 0:00:30]} 79. Bd5+ {[%emt 0:00:18]} Ke7 {[%emt 0:00:00]} 80. Bc4 {[%emt 0:00:17]} Bd6 {[%emt 0:01:00]} 81. Be2 {[%emt 0:00:12]} Kf7 {[%emt 0:00:00]} 82. Bxg4 {[%emt 0:00:10]} Kg8 {[%emt 0:00:00]} 83. Kf3 {[%emt 0:01:30]} Kh7 {[%emt 0:00:00]} 84. Ke4 {[%emt 0:00:19]} Be7 {[%emt 0:00:00]} 85. Kd5 {[%emt 0:00:13]} Bh4 {[%emt 0:00:30]} 86. Ke6 {[%emt 0:00:27]} Bg5 {[%emt 0:01:30]} 87. Kf7 {[%emt 0:01:00]} Bd2 {[%emt 0:00:00]} 88. Be2 {[%emt 0:00:43]} g5 {[%emt 0:01:00]} 89. Bg7 {[%emt 0:00:14]} 1-0